Memorias del Congreso, ponencias de las áreas, Plan Decenal de Educación, modernización Democracia y Contexto (Record no. 9039)

MARC details
000 -LEADER
campo de control de longitud fija 00479nam a2200133Ia 4500
001 - NÚMERO DE CONTROL
campo de control 568
008 - DATOS DE LONGITUD FIJA--INFORMACIÓN GENERAL
campo de control de longitud fija 241024s9999 xx 000 0 und d
082 ## - NÚMERO DE LA CLASIFICACIÓN DECIMAL DEWEY
Número de clasificación RD/370.97293/R426m
100 ## - ENTRADA PRINCIPAL--NOMBRE DE PERSONA
Nombre de persona República Dominicana.Secretaria de Estado de Educación Bellas Artes y Cultos
245 #0 - MENCIÓN DEL TÍTULO
Título Memorias del Congreso, ponencias de las áreas, Plan Decenal de Educación, modernización Democracia y Contexto
260 ## - PUBLICACIÓN, DISTRIBUCIÓN, ETC.
Nombre del editor, distribuidor, etc. Santo Dsomingo
Fecha de publicación, distribución, etc. 1993
901 ## - ELEMENTOS DE DATOS A LOCAL LDA (RLIN)
a 16/11/2010 2:56:26 p.m.

No items available.

© 2024. Todos los Derechos Reservados. Desarrollado por IDEICE